Pokemon Legandaries described on appearance - Statistics

General Stats
  • This quiz has been taken 26 times
    20 since last reset
  • The average score is 47 of 58
Answer Stats
Hint Answer % Correct
The god with 1000 arms to shape the universe Arceus
100%
A Ice bird Articuno
100%
A fire dog Entei
100%
The one who shaped the land Groudon
100%
A fire bird with red wings and yellow hair Ho-Oh
100%
The one who made the water Kyogre
100%
A blue and white dragon foundin soulsilver Lugia
100%
A psychic being thats totally pink Mew
100%
A psychic being with a purple tail Mewtwo
100%
A fire bird thats all yellow with fire wings Moltres
100%
The god of Matter or Space Palkia
100%
A white Metal Robot with a lot of colors and is god of Earth Regigigas
100%
A rock robot Regirock
100%
A steel robot Registeel
100%
A water dog Suicune
100%
A electric bird Zapdos
100%
The guardian of the sky rayquaza
94%
A ice robot Regice
94%
A blue dear with rainbow antlers Xerneas
94%
A red bird thats evil and kills everything Yveltal
94%
A pure black dragon with wings Zekrom
94%
The god of Nightmares and Death Darkrai
88%
The god of Time Dialga
88%
God of The Distortion World Giratina
88%
Pokemon that hasbig purple wings with a moon shaped head Lunala
88%
A electric dog Raikou
88%
A pure white dragon with wings Reshiram
88%
God of the Moon Cresselia
82%
Very hot and has heat in the name Heatran
82%
A pink ghost with golden rings Hoopa
82%
A orange guy on a cloud Landorus
82%
A blue guy on a cloud Thundurus
82%
A green guy on a cloud Tornadus
82%
A fire type pokemon with red hair shaped lile a V Victini
82%
A grey dragon thats ice type and has ice wings Kyurem
76%
Pokemon that has a head shaped like the sun and is white Solgaleo
76%
The god of Knowledge Uxie
76%
A green and black seprent Zygarde
76%
A diamond princess with red eyes Diancie
71%
A goat with red hair and a blue tail Keldeo
71%
The god of willpower Azelf
65%
A orange robot with bendy arms and blue face Deoxys
65%
A purple metal bug with a cannon on his head Genesect
65%
The god of emotion Mesprit
65%
A grass goat type goat thats green Virizion
65%
A water fire type thats red with blue circles Volcanion
65%
A grass type fairy that can travel time Celebi
59%
A blue goat with orange antlers Cobalion
59%
giant red dragon with sharp claws Eternatus
59%
A small fairy with yellow hair and blue tags Jirachi
59%
A fairy with black clothes and green hair Meloetta
59%
A dragon with pink body with blue circles Regidrago
59%
A angry big goat with sharp brown antlers Terrakion
59%
A blue dog with a sword Zacian
59%
A red dog with a shield head Zamazenta
59%
A blue fairy that is prince of the sea Manaphy
53%
Basically Mother Nature Shaymin
53%
A electric yellow plug with pink circles Regieleki
47%
No matching quizzes found
Score Distribution
Percent of People with Each Score
Percentile by Number Answered
Your Score History
You have not taken this quiz since the last reset